Loading...
Applied mechanics for engineering technology
| Main Author: | |
|---|---|
| Format: | Printed Book |
| Language: | English |
| Published: |
Virginia
Reston
1974
|
| Subjects: |
| LEADER | 00556nam a22001697a 4500 | ||
|---|---|---|---|
| 005 | 20151217143923.0 | ||
| 008 | 100708t xxu||||| |||| 00| 0 eng d | ||
| 020 | |a 0879090375 | ||
| 080 | |a 621.01 |b WAL | ||
| 100 | |a Walker, Keith M |9 7881 | ||
| 245 | |a Applied mechanics for engineering technology | ||
| 260 | |a Virginia |b Reston |c 1974 | ||
| 300 | |a 441p. | ||
| 653 | |a Applied mechanics |a Engineering mechanics | ||
| 942 | |c BK |6 _ | ||
| 999 | |c 143497 |d 143497 | ||
| 952 | |0 0 |1 0 |2 ddc |4 0 |6 62101_WAL |7 0 |9 182776 |a DST |b DST |d 2010-07-08 |o 621.01 WAL |p DST03292 |r 2013-06-19 |w 2013-06-19 |y BK | ||